000 00437nam a2200181Ia 4500
001 23431
005 20260414150936.0
008 260414t1999||||xx |||||||||||||| ||spa||
041 _aESP
082 _a650.01513
_bC13
100 _aCabello Gonzáles, J.M.
_eAUT
245 0 _aMatemáticas financieras aplicadas
_b
260 _c1999
300 _a281 páginas :
_c\N
650 _aGEN
654 _aCCO
942 _cLIB
_dJUS
_fJUS
_2ddc
_n
999 _c23431
_d23431